| 000 | 00602nam a2200217Ia 4500 | ||
|---|---|---|---|
| 003 | GCL | ||
| 008 | 140319s9999 xx 000 0 eng d | ||
| 040 |
_aGCL / _cGCL |
||
| 082 | 0 | 4 |
_a916.4 _bF T |
| 100 | 1 | _aFAWCETT, CHARLES | |
| 245 | 1 | 0 |
_aTHE TRAVELS OF THE ABBE CARRE IN INDIA AND THE NEAR EAST 1672 TO 1674 VOL1, VOL3 / _cFAWCETT, CHARLES |
| 700 | 1 | _aBURN, RICHARD | |
| 700 | 1 | _aFAWCETT, LADY | |
| 260 |
_a[S.N] : _bASIAN EDUCATIONAL SERVICES ، _c1990 |
||
| 650 | 0 | 4 | _aGEOGRAPHY AND TRAVEL |
| 650 | 0 | 4 | _aIRAQ |
| 650 | 0 | 4 | _aFRANCE |
| 650 | 0 | 4 | _aSYRIA |
| 650 | 0 | 4 | _aINDIA |
| 942 |
_2ddc _cBK |
||
| 999 |
_c11864 _d11864 |
||